00495nam a2200181Ia 4500003000400000008004100004040001600045082001500061100001700076245006400093260004800157300001000205650002200215650002600237650001700263650001300280650002000293GCL140319s9999 xx 000 0 eng d aGCL / cGCL04a693.5bK R1 aKORISH, I.E.10aREINFORCED CONCRETE DESIGN SOLVED EXAMPLES / cKORISH, I.E. a[S.N] : bDAR AL- RATAB SL GAMEIA ، c1987 a139 P04aCIVIL ENGINEERING04aCONCRETE CONSTRUCTION04aCONSTRUCTION04aCONCRETE04aCONCRETE DESIGN